Cálculo /
Guardado en:
| Autor Principal: | |
|---|---|
| Otros Autores: | , |
| Formato: | Libro |
| Idioma: | Spanish English |
| Publicado: |
Naucalpan de Juárez, Edo. de México :
Pearson Educación,
2007.
|
| Edición: | 9a. ed. |
| Materias: | |
| Etiquetas: |
Agregar Etiqueta
Sin Etiquetas, Sea el primero en etiquetar este registro!
|
| LEADER | 00949nam a22002415a 4500 | ||
|---|---|---|---|
| 001 | EUN.eunm005441 | ||
| 005 | 20140704141705.0 | ||
| 008 | 140704s2007####mx#a##########001#0#spa#d | ||
| 020 | |a 9702609194 | ||
| 041 | 1 | |a spa |h eng | |
| 082 | 0 | 4 | |a 517 |2 15 |
| 100 | 1 | |a Purcell, Edwin J. |q (Edwin Joseph), |d 1901- | |
| 245 | 1 | 0 | |a Cálculo / |c Edwin J. Purcell, Dale Varberg, Steven E. Rigdon ; traducción: Víctor Hugo Ibarra Mercado ; revisión técnica: Linda Margarita Medina Herrera ... [et al.]. |
| 250 | |a 9a. ed. | ||
| 260 | |a Naucalpan de Juárez, Edo. de México : |b Pearson Educación, |c 2007. | ||
| 300 | |a xv, 774, [73] p. : |b il. ; |c 27 cm. | ||
| 500 | |a Traducción de: Calculus, 9th ed.; publicado por Prentice-Hall, c2007. | ||
| 500 | |a Incluye índice. | ||
| 650 | 7 | |a Matemáticas. |2 unbist | |
| 653 | |a Cálculo | ||
| 700 | 1 | |a Varberg, Dale E. | |
| 700 | 1 | |a Rigdon, Steven E., |d 1955- | |
| 859 | |a AR-BaUNS |b BIB. CENTRAL - Sector A |h 517 |i P971-1a9 |p 124509/014 | ||
